|
|
|
|
| LEADER |
00000cas a2200000 a 4500 |
| 001 |
vtls010630442 |
| 003 |
SK-MaSNL |
| 005 |
20260228161450.0 |
| 008 |
200401d18961899hu mr|p 0 b0slo |
| 040 |
|
|
|a SNK
|b slo
|c SNK
|e AACR2
|
| 041 |
0 |
|
|a slo
|
| 044 |
|
|
|a hu
|c HU
|
| 072 |
|
7 |
|a 2
|x Náboženstvo
|2 konspekt
|
| 072 |
|
7 |
|a 27-1/-2
|x Kresťanská teológia. Dogmatická teológia
|2 konspekt
|
| 080 |
|
|
|a 050
|2 2001
|
| 080 |
|
|
|a 21/29-1/-9
|2 2001
|
| 080 |
|
|
|a 272-184.3
|2 2001
|
| 245 |
0 |
0 |
|a Naša nádej
|b mesačné sošity k poklone prev. Sviatosti Oltárnej a ku cti prebl. Panny Márie
|
| 260 |
|
|
|a Budapešť
|b Michal Varga
|c 1896-1899
|
| 300 |
|
|
|a 4 zv.
|c 22 cm
|
| 310 |
|
|
|a 1x mesačne
|
| 362 |
0 |
|
|a Roč. I, č. 1 (október 1896)-roč. IV, č. 2 (november 1899)
|
| 500 |
|
|
|a Tlač. Patria v Budapešti, od č. 4 (15. januára 1897) tlačiareň Herkó Pátra, od č. 7(15. apríla 1897) tlačiareň Alkotmány v Budapešti, od č. 5 (február 1898) Marian György, od č. 6 (február 1898) Kníhtlačiareň Franklin Társulat, od č. 2 (november 1898) Kníhtlačiareň sv. Gerharda v Budapešti
|
| 650 |
0 |
7 |
|a náboženstvo
|2 SNKPH
|9 2023
|
| 650 |
0 |
7 |
|a cirkevný život
|2 SNKPH
|9 75120
|
| 650 |
|
|
|a katolícka viera
|2 SNKPH
|9 4023
|
| 655 |
|
7 |
|a náboženské časopisy
|2 SNKPH
|9 70790
|
| 910 |
|
|
|a snk
|
| 916 |
|
|
|a 1896-1898
|
| 958 |
|
|
|a ONDV
|
| 999 |
|
|
|c 5447
|d 7377
|
| 952 |
|
|
|0 0
|1 0
|4 0
|7 0
|a SNK
|b SNK
|d 2014-11-04
|i snk 516/30
|l 0
|o snkČSC 241/2/1897-1898 D1
|p 17A1089258
|r 2026-02-21 20:32:34
|t č. 1-12, neúplné
|w 2026-02-21
|y PREZ
|z chýba č. 1-3
|
| 952 |
|
|
|0 0
|1 0
|4 0
|7 0
|8 5
|a SNK
|b SNK
|d 2014-11-04
|f 1
|i snkF 1574/70
|l 0
|o snkČSC 241/2/1897-1898
|p 17A0735428
|r 2026-02-21 20:32:36
|t č. 1-12
|w 2026-02-21
|y PREZ
|
| 952 |
|
|
|0 0
|1 0
|4 0
|7 0
|8 5
|a SNK
|b SNK
|d 2014-11-04
|f 1
|i snkF 1573/70
|l 0
|o snkČSC 241/1/1896-1897
|p 17A0735429
|r 2026-02-21 20:32:36
|t s. 1-14, 34-240, neúplné
|w 2026-02-21
|y PREZ
|z doplnok: Veľká Novina čili: La Salleteské Proroctvo S. 1-40 ; chýba s. 15-33
|
| 952 |
|
|
|0 0
|1 0
|4 0
|7 0
|8 5
|a SNK
|b SNK
|d 2014-11-04
|f 1
|i snkF 147/84
|l 0
|o snkČSC 241/3/1898-1899
|p 17A1089259
|r 2026-02-21 20:32:36
|t č. 1-12, neúplné
|w 2026-02-21
|y PREZ
|z chýba č. 1-2,4-12
|